000 00318nam a2200133Ia 4500
005 20260328104308.0
008 260328s9999||||xx |||||||||||||| ||und||
100 _aPizzinini, Regina
245 0 _aHouse Design /
_cRegina Pizzinini
260 _bPimagenes
300 _a80 p.
650 _aDISEÑADORES
942 _cBK
999 _c10835
_d10835